Webster's third new international dictionary of the English language, unabridged / (Record no. 4915)
[ view plain ]
| 000 -LEADER | |
|---|---|
| fixed length control field | 00510nam a22001817a 4500 |
| 003 - CONTROL NUMBER IDENTIFIER | |
| control field | OSt |
| 005 - DATE AND TIME OF LATEST TRANSACTION | |
| control field | 20140310181840.0 |
| 008 - FIXED-LENGTH DATA ELEMENTS--GENERAL INFORMATION | |
| fixed length control field | 130708t xxu||||| |||| 00| 0 eng d |
| 020 ## - INTERNATIONAL STANDARD BOOK NUMBER | |
| International Standard Book Number | 0877792062 |
| 050 ## - LIBRARY OF CONGRESS CALL NUMBER | |
| Classification number | PE 1625 |
| Item number | .W385 2002 |
| 082 ## - DEWEY DECIMAL CLASSIFICATION NUMBER | |
| Classification number | REF 423 |
| Item number | W39 2002 |
| 245 ## - TITLE STATEMENT | |
| Title | Webster's third new international dictionary of the English language, unabridged / |
| 260 ## - PUBLICATION, DISTRIBUTION, ETC. (IMPRINT) | |
| Place of publication, distribution, etc | Springfield, Mass : |
| Name of publisher, distributor, etc | Merriam-Webster, |
| Date of publication, distribution, etc | c2002. |
| 300 ## - PHYSICAL DESCRIPTION | |
| Extent | 2662 p. : |
| 942 ## - ADDED ENTRY ELEMENTS (KOHA) | |
| Source of classification or shelving scheme | Library of Congress Classification |
| Koha item type | Books |
| Withdrawn status | Lost status | Source of classification or shelving scheme | Damaged status | Home library | Current library | Shelving location | Date acquired | Source of acquisition | Total Checkouts | Full call number | Barcode | Date last seen | Copy number | Price effective from | Koha item type |
|---|---|---|---|---|---|---|---|---|---|---|---|---|---|---|---|
| Library of Congress Classification | College Library | College Library | Reference Section | 04/29/2010 | PE 1625 .W36 2002 | C11198 | 04/24/2017 | 1 | 10/18/2013 | Books |